000 00682nam a2200181 a 4500
003 0
005 20250430091003.0
008 080527s19uu xx 00 eng d
050 _aPHS LB 1025.3
_b.S27 2005
100 _aSaso, Takamasa.
245 _aA Comparative study on the perceptions of High School students on the teaching performance of male and female instructors /
_cTakamasa Saso.
260 _aLas PiƱas City, Philippines :
_bSouthville International School and Colleges,
_c2005.
300 _a31 pages ;
_c28 cm.
504 _aIncludes bibliographical references.
650 _aTeacher effectiveness.
650 _aStudent evaluation of teachers.
942 _2lcc
_cPASS
999 _c97300
_d97300